000 00509nam a2200193 4500
999 _c137160
_d137160
010 _aB-110098
020 _a8179922197
035 _aB-110098
037 _bCen Lib / Ret
082 _aS
_bFIV
245 _aFive british masters /
260 _aMumbai
_bJaco Publishing House
_c2004
270 _a20, Wadala Udyog Bhavan Wadala
_bMumbai
_e400031
300 _a122p ;
_c24cm(Hb)
650 _aPrints, British -- Catalogs.
650 _aPrints, British.
942 _2ddc
_cEN
_hS
_mFIV